| 000 | 00745nam a2200253Ia 4500 | ||
|---|---|---|---|
| 003 | OSt | ||
| 005 | 20221005113630.0 | ||
| 006 | a|||||r|||| 00| 0 | ||
| 007 | ta | ||
| 008 | 221004b |||||||| |||| 00| 0 ara d | ||
| 020 |
_a977085653 (pbk) _c150 |
||
| 024 | _a40012 | ||
| 037 |
_b02, 26/03/2007, Nadwi Publications _cTextual |
||
| 040 |
_aCRL _cCRL _bara |
||
| 041 |
_2ara _aara |
||
| 082 | _aO28,3NAH,16, N6 | ||
| 100 |
_aQuddoos Ahsan Abdullah Au. _9624680 |
||
| 245 | 0 | _aAasaf... lam aadastatie | |
| 260 | _c1996 | ||
| 300 |
_a175p. _ccm. |
||
| 650 |
_aARABIC FICTION _964594 |
||
| 942 |
_hO28,3NAH,16, N6 _cTEXL _2cc |
||
| 999 |
_c1028816 _d1028816 |
||